Atlantic companion to literature in english (Record no. 157357)

MARC details
000 -LEADER
fixed length control field 00572nam a2200205Ia 4500
003 - CONTROL NUMBER IDENTIFIER
control field OSt
005 - DATE AND TIME OF LATEST TRANSACTION
control field 20230413101247.0
008 - FIXED-LENGTH DATA ELEMENTS--GENERAL INFORMATION
fixed length control field 210423s2007 xx 000 0 und d
040 ## - CATALOGING SOURCE
Transcribing agency AL
041 ## - LANGUAGE CODE
Language code of text/sound track or separate title eng
082 ## - DEWEY DECIMAL CLASSIFICATION NUMBER
Classification number 820.9
Edition number 23
Item number RAYM
100 ## - MAIN ENTRY--PERSONAL NAME
Personal name RAY (MOHIT K)
9 (RLIN) 87595
245 ## - TITLE STATEMENT
Title Atlantic companion to literature in english
260 ## - PUBLICATION, DISTRIBUTION, ETC.
Place of publication, distribution, etc. New Delhi
Name of publisher, distributor, etc. Atlantic Publishers and Distributors
Date of publication, distribution, etc. 2007
300 ## - PHYSICAL DESCRIPTION
Extent xviii,585
365 ## - TRADE PRICE
Price amount 1495
Currency code INR
650 ## - SUBJECT ADDED ENTRY--TOPICAL TERM
Topical term or geographic name entry element English Literature
9 (RLIN) 87596
906 ## - LOCAL DATA ELEMENT F, LDF (RLIN)
a Atlantic ; companion ; english ; literature
942 ## - ADDED ENTRY ELEMENTS (KOHA)
Source of classification or shelving scheme Dewey Decimal Classification
Koha item type Book
Holdings
Withdrawn status Lost status Damaged status Not for loan Collection code Home library Current library Date acquired Source of acquisition Cost, normal purchase price Total Checkouts Full call number Barcode Date last seen Price effective from Koha item type
        MA English St Aloysius PG Library St Aloysius PG Library 10/09/2009 Athulya Books 1495.00   820.9 RAYM PG003833 04/26/2021 04/26/2021 Book